<?xml version="1.0" encoding="UTF-8"?>
<record
    xmlns:xsi="http://www.w3.org/2001/XMLSchema-instance"
    xsi:schemaLocation="http://www.loc.gov/MARC21/slim http://www.loc.gov/standards/marcxml/schema/MARC21slim.xsd"
    xmlns="http://www.loc.gov/MARC21/slim">

  <leader>00913nam a22002297a 4500</leader>
  <controlfield tag="005">20130805134905.0</controlfield>
  <controlfield tag="008">130805b2007    ve ||||| |||| 00| 0 spa d</controlfield>
  <datafield tag="020" ind1=" " ind2=" ">
    <subfield code="a">9803791575</subfield>
  </datafield>
  <datafield tag="020" ind1=" " ind2=" ">
    <subfield code="a">9789803791575</subfield>
  </datafield>
  <datafield tag="041" ind1=" " ind2=" ">
    <subfield code="a">spa</subfield>
  </datafield>
  <datafield tag="082" ind1=" " ind2=" ">
    <subfield code="a">581.987</subfield>
    <subfield code="b">C35f</subfield>
  </datafield>
  <datafield tag="245" ind1="0" ind2="0">
    <subfield code="a">Cat&#xE1;logo anotado e ilustrado de la flora vascular de los llanos de Venezuela /</subfield>
    <subfield code="c">Editado por Rodrigo Duno de Stefano, Gerardo Aymard y Otto Huber</subfield>
  </datafield>
  <datafield tag="246" ind1="3" ind2="0">
    <subfield code="a">Flora vascular de los llanos de Venezuela</subfield>
  </datafield>
  <datafield tag="260" ind1=" " ind2=" ">
    <subfield code="a">Caracas</subfield>
    <subfield code="b">Fundaci&#xF3;n Empresas Polar :</subfield>
    <subfield code="b">FUDENA</subfield>
    <subfield code="b">FIBV</subfield>
    <subfield code="c">2007</subfield>
  </datafield>
  <datafield tag="300" ind1=" " ind2=" ">
    <subfield code="a">738 p.</subfield>
    <subfield code="b">il.,  mapas (col)</subfield>
    <subfield code="c">25 cm.</subfield>
  </datafield>
  <datafield tag="504" ind1=" " ind2=" ">
    <subfield code="a">Incluye referencias bibliogr&#xE1;ficas (p. 123 - 172) e &#xED;ndice.</subfield>
  </datafield>
  <datafield tag="650" ind1=" " ind2="0">
    <subfield code="a">Plantas</subfield>
    <subfield code="v">Clasificaci&#xF3;n</subfield>
    <subfield code="z">Venezuela</subfield>
    <subfield code="9">1224</subfield>
  </datafield>
  <datafield tag="650" ind1=" " ind2="0">
    <subfield code="a">Plantas</subfield>
    <subfield code="v">Identificaci&#xF3;n</subfield>
    <subfield code="z">Venezuela</subfield>
    <subfield code="9">1225</subfield>
  </datafield>
  <datafield tag="710" ind1="2" ind2=" ">
    <subfield code="a">Fundaci&#xF3;n Polar.</subfield>
    <subfield code="9">1226</subfield>
  </datafield>
  <datafield tag="710" ind1="2" ind2=" ">
    <subfield code="a">Fundaci&#xF3;n Instituto Bot&#xE1;nico de Venezuela</subfield>
    <subfield code="9">1227</subfield>
  </datafield>
  <datafield tag="942" ind1=" " ind2=" ">
    <subfield code="2">ddc</subfield>
    <subfield code="c">Impreso</subfield>
  </datafield>
  <datafield tag="999" ind1=" " ind2=" ">
    <subfield code="c">7516</subfield>
    <subfield code="d">7516</subfield>
  </datafield>
  <datafield tag="952" ind1=" " ind2=" ">
    <subfield code="0">0</subfield>
    <subfield code="1">0</subfield>
    <subfield code="2">ddc</subfield>
    <subfield code="4">0</subfield>
    <subfield code="7">0</subfield>
    <subfield code="8">GENERAL</subfield>
    <subfield code="I">INV2017</subfield>
    <subfield code="a">Bogota</subfield>
    <subfield code="b">Bogota</subfield>
    <subfield code="d">2013-08-05</subfield>
    <subfield code="e">Instituto</subfield>
    <subfield code="g">39000.00</subfield>
    <subfield code="l">1</subfield>
    <subfield code="o">LB 581.987 C35f</subfield>
    <subfield code="p">028445</subfield>
    <subfield code="r">2018-08-24 00:00:00</subfield>
    <subfield code="s">2018-08-17</subfield>
    <subfield code="t">Ej. 1</subfield>
    <subfield code="w">2013-08-05</subfield>
    <subfield code="y">LIBRO</subfield>
  </datafield>
</record>
